000 00850nam a2200265 i 4500
003 DO-SdBNP
005 20240321093712.0
007 ta
008 240314b2019 dr a|||| |||| 00| 0 rda d
040 _aDO-SdBNP
_bspa
_cBNPHU
_erda
082 4 _bC764c, 2019
_222
100 1 _aContreras, Brunilda
_eautora
_97044
245 1 0 _aChivi :
_b100 adivinanzas nuevas /
_cBrunilda Contreras ; ilustraciones, Jorge Pineda.
246 1 0 _aChivi :
_bcien adivinanzas nuevas
250 _a2a ed.
264 _aSanto Domingo :
_b3C Print S. R. L.,,
_c2019.
300 _a48 páginas :
_bilustraciones ;
_c19 cm.
336 _2rdacontent
_atexto
_btxt
337 _2rdamedia
_asin mediación
_bn
338 _2rdacarrier
_avolumen
_bnc
590 _aInventariado, 2024/BT
700 1 _aPineda, Jorge,
_eilustraciones
_97045
910 _aBtavárez
942 _2ddc
_cLBS1
999 _c56113
_d56113